Elementární lyžování batolat

Bibliographic Details
Main Author: Fadrhoncová, Jiřina (Author)
Format: Article
Language:Slovak
Czech
Subjects:

MARC

LEADER 00000nab a2200000 a 4500
001 vtls000111456
003 SK-MaSNL
005 20260304173423.0
008 250422c19811982xo 0 slo
015 |a SNBRB19rr/mm-uuuuu 
035 |a CL0121559 
035 |a urn:nbn:sk:snk-abbaqw 
035 |a (urnnbn)urn:nbn:sk:snk:ar-002nrk 
035 |a (uuid)b1531d8a-c05b-4f4a-b185-00cb258b0343 
040 |a SNKBUCL  |b slo  |c SNKBUCL  |e AACR2 
041 0 |a cze 
044 |a xo  |c SK 
080 |a 373.22  |2 1981 
080 |a 796.92  |2 1981 
100 1 |a Fadrhoncová, Jiřina  |4 aut  |9 1503847 
245 1 0 |a Elementární lyžování batolat  |c Jiřina Fadrhoncová 
650 0 7 |a batoľatá  |2 snkbucl  |9 1226 
650 0 7 |a lyžovanie  |2 snkbucl  |9 3256 
655 7 |a články z novín a časopisov  |2 snkbucl  |9 267496 
773 0 |t Predškolská výchova  |g Roč. 36, č. 5 (1981/1982), s. 26-28 
850 |a Slovenská národná knižnica 
852 |a Slovenská národná knižnica 
958 |a article15 
958 |a RK 
958 |a CZ 
958 |a OND 
958 |a EUIPO 
992 |a RBX 
999 |c 3003198  |d 3005128